| 000 | 00537 a2200181 4500 | ||
|---|---|---|---|
| 999 |
_c2335 _d2335 |
||
| 020 | _a9780071289139 | ||
| 020 | _a0071289135 | ||
| 050 | 0 | 0 | _aHF 5437 BEN 2010 |
| 100 | 1 |
_aBenton, W. C., _d1948- |
|
| 245 | 1 | 0 |
_aPurchasing and supply chain management : _cW.C. Benton, Jr. |
| 250 | _a2nd ed. | ||
| 264 |
_aNew York:Boston : _b McGraw-Hill Irwin, _c2010 |
||
| 300 |
_axxii, 549 p. : _bill. ; |
||
| 500 | _aIncludes index. | ||
| 650 | 0 | _aBusiness logistics. | |
| 651 | _aSupply Chain Management. | ||
| 942 |
_2lcc _cBK _e2nd ed _h5437 _iBEN _kHF |
||